000
00319nam a22001457a 4500
003
SGT
020
_a
938426618-3
082
_a
615
_b
AGA
100
_a
AGARWAL, DR. S.P.
245
_a
TEXTBOOK OF PHARMACEUTICS-I
260
_a
INDIA
_b
BIRLA PUB.
_c
2024
300
_a
216
650
_a
PHARMACEUTICS
942
_2
ddc
_c
BK
999
_c
33059
_d
33059